Countries voting against recognizing Crimea as Ukraine (updated 2017) - Statistics

General Stats
  • This quiz has been taken 508 times
    465 since last reset
  • The average score is 14 of 26
Answer Stats
Hint Answer % Correct
17 Russia
96%
6 China
89%
2 Belarus
85%
15 North Korea
81%
10 Iran
74%
21 Syria
72%
1 Armenia
69%
7 Cuba
64%
9 India
64%
11 Kazakhstan
64%
25 Venezuela
64%
24 Uzbekistan
63%
22 Tajikistan
62%
18 Serbia
58%
12 Kyrgyzstan
54%
20 Sudan
45%
13 Myanmar
42%
5 Cambodia
41%
14 Nicaragua
41%
8 Eritrea
38%
26 Zimbabwe
38%
3 Bolivia
36%
19 South Africa
35%
23 Uganda
24%
4 Burundi
21%
16 Philippines
21%
No matching quizzes found
Score Distribution
Percent of People with Each Score
Percentile by Number Answered
Your Score History
You have not taken this quiz since the last reset